[Event "Schachfestival Senioren"]
[Site "Bad Woerishofen"]
[Date "2023.03.10"]
[Round "8.41"]
[White "Auterhoff, Juergen"]
[Black "Knischka, Walter"]
[Result "1/2-1/2"]
[WhiteElo "1706"]
[BlackElo "1795"]
[PlyCount "24"]
[EventDate "2023.??.??"]
[WhiteTeam "Schachfreunde Muenchen"]
[BlackTeam "SK Oberguenzburg"]

1. e4 g6 2. d4 Bg7 3. Nf3 d6 4. Nc3 Bg4 5. Be2 Nd7 6. Be3 e5 7. d5 Ne7 8. h3 Bxf3 9. Bxf3 f5 10. exf5 Nxf5 11. Qd2 Nxe3 12. Qxe3 Nf6 1/2-1/2

[Event "Schachfestival Senioren"]
[Site "Bad Woerishofen"]
[Date "2023.03.10"]
[Round "8.42"]
[White "Wacker, Manfred"]
[Black "Klimpel, Siegfried"]
[Result "1-0"]
[WhiteElo "1718"]
[BlackElo "1768"]
[PlyCount "81"]
[EventDate "2023.??.??"]
[WhiteTeam "SC 1997 Lambsheim"]
[BlackTeam "TSV Kareth-Lappersdorf"]

1. d4 Nf6 2. c4 e5 3. dxe5 Ne4 4. Qc2 d5 5. Nf3 Bc5 6. e3 Bf5 7. Bd3 Nc6 8. O-O Qe7 9. cxd5 Nb4 10. Qa4+ Bd7 11. Bb5 c6 12. dxc6 bxc6 13. Bc4 Nd5 14. Nbd2 Ng5 15. Nxg5 Qxg5 16. Nf3 Qg6 17. Kh1 h5 18. e4 Nb6 19. Qc2 Nxc4 20. Qxc4 Be7 21. h4 Rb8 22. a3 Bg4 23. Ng5 O-O 24. b4 Kh8 25. f4 f5 26. exf6 Qxf6 27. Be3 Qb2 28. Bd4 Qe2 29. Qxe2 Bxe2 30. Rf2 Bg4 31. Bxa7 Rbd8 32. Bc5 Bxc5 33. bxc5 Rd3 34. a4 Kg8 35. a5 Re3 36. a6 Ra8 37. a7 Rd3 38. Rb2 Rdd8 39. Kh2 Kf8 40. f5 Ke7 41. Ne6 1-0

[Event "Schachfestival Senioren"]
[Site "Bad Woerishofen"]
[Date "2023.03.10"]
[Round "8.43"]
[White "Mayer, Dietmar"]
[Black "Sakowski, Christian"]
[Result "1-0"]
[WhiteElo "1705"]
[BlackElo "1761"]
[PlyCount "103"]
[EventDate "2023.??.??"]
[BlackTeam "SC Muelheim 08/25 e.V."]

1. d4 Nf6 2. Nc3 d5 3. Bf4 c6 4. e3 Bf5 5. f3 Bg6 6. h4 h5 7. Nh3 e6 8. Bd3 Bxd3 9. Qxd3 Bd6 10. Ne2 Bxf4 11. Nexf4 Qd6 12. O-O-O Nbd7 13. e4 dxe4 14. fxe4 e5 15. Ne2 exd4 16. Nxd4 O-O-O 17. Nf5 Qxd3 18. cxd3 Kc7 19. Ng5 Ng4 20. Nxf7 Nf2 21. Nxd8 Kxd8 22. Nxg7 Nxh1 23. Rxh1 Ne5 24. Kd2 Kd7 25. Rf1 Rg8 26. Nxh5 Rxg2+ 27. Kc3 Ke7 28. Rf5 Ng6 29. Rg5 Nxh4 30. Rxg2 Nxg2 31. Kd4 Nh4 32. e5 Nf3+ 33. Ke4 Ng5+ 34. Kf5 Ne6 35. Nf4 Nd4+ 36. Ke4 Nb5 37. d4 Nc7 38. d5 Ne8 39. Ne6 cxd5+ 40. Kxd5 Kd7 41. Nc5+ Ke7 42. Nxb7 Nc7+ 43. Kc6 Na6 44. a3 Nb8+ 45. Kd5 Kd7 46. e6+ Ke7 47. Na5 Na6 48. Nc6+ Ke8 49. Kd6 Kf8 50. b3 Ke8 51. b4 Kf8 52. Kd7 1-0

[Event "Schachfestival Senioren"]
[Site "Bad Woerishofen"]
[Date "2023.03.10"]
[Round "8.44"]
[White "Wenske, Hardy"]
[Black "Goris-Schouwstra, Adry"]
[Result "1/2-1/2"]
[WhiteElo "1761"]
[BlackElo "1659"]
[PlyCount "39"]
[EventDate "2023.??.??"]
[WhiteTeam "Kieler Schachgesellschaft"]

1. Nf3 d5 2. d4 Nf6 3. e3 Bg4 4. h3 Bxf3 5. Qxf3 c6 6. Bd3 g6 7. Nd2 Bg7 8. O-O O-O 9. c3 Nbd7 10. Qd1 e5 11. dxe5 Nxe5 12. Be2 Qc7 13. Qc2 Rad8 14. b3 c5 15. Bb2 a6 16. Rac1 c4 17. b4 b5 18. Nf3 Nxf3+ 19. Bxf3 Qe5 20. Rcd1 1/2-1/2

[Event "Schachfestival Senioren"]
[Site "Bad Woerishofen"]
[Date "2023.03.10"]
[Round "8.46"]
[White "Kirchner, Ulrich"]
[Black "Vaclahovsky, Gerhard"]
[Result "1-0"]
[WhiteElo "1750"]
[BlackElo "1648"]
[PlyCount "83"]
[EventDate "2023.??.??"]
[WhiteTeam "SF Blaustein"]
[BlackTeam "SK Keres-Augsburg 1980"]

1. d4 Nf6 2. Nf3 d5 3. g3 e6 4. Bg2 Bd6 5. O-O O-O 6. Nbd2 c5 7. c3 Nc6 8. Re1 Qc7 9. e4 dxe4 10. Nxe4 Nxe4 11. Rxe4 cxd4 12. Nxd4 Nxd4 13. Rxd4 Be7 14. Be3 Rd8 15. Rxd8+ Qxd8 16. Qxd8+ Bxd8 17. Rd1 Be7 18. Bxb7 Bxb7 19. Rd7 Bd5 20. Rxe7 Bxa2 21. Rxa7 Rxa7 22. Bxa7 Kf8 23. f4 Ke8 24. Kf2 Kd7 25. Ke3 Bb3 26. Kd4 Kc6 27. c4 Kd6 28. Kc3 Bd1 29. b4 Kc6 30. b5+ Kb7 31. Bd4 g6 32. c5 Be2 33. Kb4 Bf3 34. c6+ Bxc6 35. bxc6+ Kxc6 36. Kc4 Kd6 37. Bf6 Kc6 38. Kd4 Kd6 39. Ke4 Kd7 40. Ke5 Kc7 41. Bg7 Kd7 42. Kf6 1-0

[Event "Schachfestival Senioren"]
[Site "Bad Woerishofen"]
[Date "2023.03.10"]
[Round "8.47"]
[White "Mueggenburg, Rolf"]
[Black "Laustsen, Karl-Johan"]
[Result "0-1"]
[WhiteElo "1643"]
[BlackElo "1804"]
[PlyCount "104"]
[EventDate "2023.??.??"]
[WhiteTeam "SSC Graal-Mueritz"]
[BlackTeam "1.FC Marktleuthen"]

1. c4 Nf6 2. Nc3 e5 3. e4 Nc6 4. g3 Bc5 5. d3 d6 6. Be3 O-O 7. a3 a5 8. h3 Nd4 9. Bg2 c6 10. Bxd4 Bxd4 11. Nf3 Ba7 12. O-O Be6 13. Qd2 h6 14. Kh2 Qe7 15. Nh4 Rad8 16. Ne2 d5 17. Qc2 dxc4 18. dxc4 Rd7 19. f4 exf4 20. Nxf4 Rfd8 21. Rad1 Rxd1 22. Rxd1 Rxd1 23. Qxd1 Bxc4 24. Nf5 Qc7 25. Nh5 Nxh5 26. Qxh5 Be6 27. Qg4 Bxf5 28. Qxf5 Bb8 29. Qf3 Qe5 30. b3 Bd6 31. a4 b5 32. axb5 cxb5 33. Bf1 Kf8 34. h4 f6 35. Be2 a4 36. bxa4 bxa4 37. h5 Qb2 38. Qg4 Qb8 39. Bc4 Qe8 40. Qf5 a3 41. Qd5 Be5 42. Qg8+ Ke7 43. Qe6+ Kd8 44. Qxe8+ Kxe8 45. Kh3 Kd7 46. g4 Kc6 47. Kg2 Kc5 48. Bd5 Kd4 49. Kf3 Kd3 50. Kf2 Kc2 51. Ke2 Kb2 52. Kd3 a2 0-1

[Event "Schachfestival Senioren"]
[Site "Bad Woerishofen"]
[Date "2023.03.10"]
[Round "8.48"]
[White "Bachmann, Rolf"]
[Black "Mitschka, Manfred"]
[Result "1-0"]
[WhiteElo "1870"]
[BlackElo "1686"]
[PlyCount "93"]
[EventDate "2023.??.??"]
[WhiteTeam "Hammer Sportclub 2008 e. V."]
[BlackTeam "SK Neuburg"]

1. d4 Nf6 2. Nf3 e6 3. Bg5 h6 4. Bh4 b6 5. e3 Bb7 6. Nbd2 Be7 7. Bd3 d5 8. c3 Nbd7 9. O-O O-O 10. Qe2 Ne4 11. Bg3 f5 12. Ne5 Nxe5 13. Bxe5 Nxd2 14. Qxd2 Bd6 15. f4 Bxe5 16. fxe5 Bc6 17. a4 a5 18. b4 Be8 19. c4 c6 20. c5 bxc5 21. bxc5 Qc7 22. Rab1 Bd7 23. Rb6 Rfb8 24. Rfb1 Rxb6 25. Rxb6 Bc8 26. h3 Ra7 27. g4 fxg4 28. hxg4 Bb7 29. Qe1 Qf7 30. Qf2 g6 31. e4 Kg7 32. Qe3 Qe7 33. exd5 exd5 34. Qf4 Ra8 35. Qf6+ Qxf6 36. exf6+ Kxf6 37. Rxb7 Re8 38. Kf2 Kg5 39. Ra7 h5 40. gxh5 gxh5 41. Rxa5 Rf8+ 42. Ke3 Re8+ 43. Kd2 h4 44. Ra7 Rf8 45. Rg7+ Kf4 46. Rg1 h3 47. Rf1+ 1-0

[Event "Schachfestival Senioren"]
[Site "Bad Woerishofen"]
[Date "2023.03.10"]
[Round "8.49"]
[White "Teubner, Wolfgang"]
[Black "Gottwald, Helmut"]
[Result "0-1"]
[WhiteElo "1817"]
[BlackElo "1659"]
[PlyCount "98"]
[EventDate "2023.??.??"]
[WhiteTeam "SF Blaustein"]
[BlackTeam "Keiner"]

1. d4 Nf6 2. Nf3 e6 3. Bg5 h6 4. Bxf6 Qxf6 5. e3 c5 6. Nbd2 Nc6 7. Ne4 Qd8 8. c3 cxd4 9. exd4 Be7 10. Bd3 d5 11. Ng3 Bd7 12. Rc1 Qb6 13. b4 Rc8 14. O-O O-O 15. a4 Qc7 16. Re1 a6 17. Bb1 Bd6 18. Qd3 f5 19. Rc2 Ne7 20. b5 Qc4 21. Qxc4 Rxc4 22. bxa6 bxa6 23. Ne5 Bxe5 24. Rxe5 Rxa4 25. Ra2 Rxa2 26. Bxa2 Rc8 27. Ne2 g5 28. f4 Kf7 29. fxg5 hxg5 30. g3 Bb5 31. Kf2 Bxe2 32. Kxe2 Rxc3 33. Kd2 Rf3 34. Re2 Nc6 35. Ke1 Nxd4 36. Rb2 Nb5 37. Rc2 Rc3 38. Rd2 Ra3 39. Bxd5 exd5 40. Rxd5 Ke6 41. Rd2 Nc3 42. Rc2 Ra1+ 43. Kd2 Ra2 44. Kxc3 Rxc2+ 45. Kxc2 Kf6 46. Kc3 g4 47. Kd4 Kg5 48. Kc5 f4 49. gxf4+ Kxf4 0-1

[Event "Schachfestival Senioren"]
[Site "Bad Woerishofen"]
[Date "2023.03.10"]
[Round "8.50"]
[White "Eschle, Hubert"]
[Black "Schomann, Michael"]
[Result "1-0"]
[WhiteElo "1776"]
[BlackElo "1630"]
[PlyCount "117"]
[EventDate "2023.??.??"]
[WhiteTeam "SC Villingen-Schwenningen"]
[BlackTeam "TSV Kuecknitz v. 1911 e.V."]

1. e4 e5 2. Nf3 Nc6 3. Bb5 a6 4. Ba4 Nf6 5. d3 b5 6. Bb3 Bc5 7. O-O O-O 8. c3 Bb6 9. Bg5 d6 10. h3 Be6 11. Bc2 h6 12. Be3 d5 13. Bxb6 cxb6 14. exd5 Bxd5 15. Nbd2 Rc8 16. Re1 Qc7 17. Nf1 Rfe8 18. Ne3 Be6 19. Nh4 Qd7 20. Qf3 Bd5 21. Nxd5 Qxd5 22. Qe2 g6 23. Bb3 Qd6 24. Nxg6 Nd5 25. Nh4 Nf4 26. Qg4+ Kh8 27. Nf5 Qf6 28. Ne3 Nxd3 29. Rf1 Rg8 30. Qe4 Nf4 31. Kh2 h5 32. g3 Ne6 33. h4 Ne7 34. Bc2 Rg7 35. Rad1 Rcg8 36. Nd5 Nxd5 37. Rxd5 Qg6 38. Qxg6 fxg6 39. Rxe5 Nc5 40. b3 Rd8 41. Rfe1 Rd2 42. R1e2 Rxe2 43. Rxe2 Kh7 44. Re5 Kh6 45. f4 Rd7 46. Re2 Rd5 47. Kg2 Kg7 48. Kf3 Kf6 49. Ke3 Rd6 50. Rd2 Re6+ 51. Kf3 Rc6 52. Ke2 Re6+ 53. Kd1 Rc6 54. Rd5 Re6 55. Kd2 Rc6 56. Rg5 Rd6+ 57. Kc1 Kf7 58. f5 gxf5 59. Rxf5+ 1-0

[Event "Schachfestival Senioren"]
[Site "Bad Woerishofen"]
[Date "2023.03.10"]
[Round "8.51"]
[White "Fuchs, Joachim"]
[Black "Mitterholzer, Helmuth"]
[Result "1-0"]
[WhiteElo "1728"]
[BlackElo "1445"]
[PlyCount "111"]
[EventDate "2023.??.??"]
[WhiteTeam "SC Starnberg"]
[BlackTeam "Verbund"]

1. e4 e5 2. Nf3 Nc6 3. Bb5 a6 4. Bxc6 dxc6 5. h3 Bd6 6. d3 h6 7. O-O Ne7 8. Nc3 Ng6 9. Ne2 O-O 10. Be3 f5 11. exf5 Bxf5 12. Ng3 Bxh3 13. gxh3 Nf4 14. Bxf4 exf4 15. Ne4 c5 16. Kg2 b5 17. Rh1 Rf5 18. c3 Kh7 19. Qb3 Qe7 20. Rae1 Qd7 21. Ned2 Re8 22. Rxe8 Qxe8 23. Re1 Qd7 24. Qe6 Qxe6 25. Rxe6 Rd5 26. d4 cxd4 27. cxd4 a5 28. Ne4 b4 29. Nxd6 Rxd6 30. Re5 Ra6 31. Rc5 Ra7 32. Ne5 a4 33. Nc6 Rb7 34. Rc4 a3 35. b3 g5 36. Nxb4 Kg6 37. Nd5 Kf5 38. Nxc7 h5 39. f3 h4 40. Rc5+ Kf6 41. Nd5+ Ke6 42. Nc3 Rb4 43. Re5+ Kd7 44. Ne2 Rb6 45. Rxg5 Rc6 46. Rd5+ Ke7 47. Rc5 Rf6 48. Kf2 Kd6 49. Ra5 Rf8 50. Rxa3 Rc8 51. Nxf4 Rc2+ 52. Ne2 Kd5 53. Ra5+ Kd6 54. f4 Kc6 55. Rc5+ Rxc5 56. dxc5 1-0

[Event "Schachfestival Senioren"]
[Site "Bad Woerishofen"]
[Date "2023.03.10"]
[Round "8.52"]
[White "Narr, Irmgard"]
[Black "Titz, Waldemar"]
[Result "1/2-1/2"]
[WhiteElo "1620"]
[BlackElo "1710"]
[PlyCount "148"]
[EventDate "2023.??.??"]
[WhiteTeam "SC Muehlhof-Reichelsdorf e.V."]
[BlackTeam "SV Rottweil"]

1. e4 d6 2. Nf3 Nf6 3. Nc3 g6 4. Bc4 Bg7 5. d3 O-O 6. h3 c6 7. Ne2 e5 8. c3 Qe7 9. Bg5 Rd8 10. O-O d5 11. exd5 cxd5 12. Bb3 Nc6 13. Qc1 Be6 14. d4 Bf5 15. Re1 Qd6 16. dxe5 Nxe5 17. Nxe5 Qxe5 18. Nd4 Qd6 19. Nxf5 gxf5 20. Bc2 Qd7 21. Qf4 Re8 22. Bxf5 Qc6 23. Qh4 h5 24. Bxf6 Qxf6 25. Qxh5 Bh6 26. Qf3 Qd6 27. Rad1 Kh8 28. Bg4 Rxe1+ 29. Rxe1 Kg7 30. Bh5 Rf8 31. Rd1 Qb6 32. b3 Qa5 33. a4 Qb6 34. Qxd5 Qc7 35. Qd4+ Kh7 36. Qd3+ Kg7 37. c4 Re8 38. Bf3 Re7 39. Qf5 Qb6 40. Be4 Qg6 41. Qxg6+ fxg6 42. f3 Be3+ 43. Kf1 Bc5 44. Ke2 b6 45. Rd5 a5 46. Kd3 Kf6 47. h4 Rh7 48. g3 Re7 49. Rg5 Rd7+ 50. Kc2 Rg7 51. Rg4 Bb4 52. Rf4+ Ke7 53. Bd5 Bd6 54. Re4+ Kd7 55. g4 Rh7 56. Re6 Rg7 57. Rf6 Ke7 58. Re6+ Kd7 59. g5 Bc5 60. Rf6 Kc7 61. Rc6+ Kd7 62. Re6 Kc7 63. Rf6 Bf2 64. Rf7+ Rxf7 65. Bxf7 Bxh4 66. f4 Bg3 67. Bxg6 Bxf4 68. Kd3 Bxg5 69. Kd4 Be7 70. Kd5 Bc5 71. Be8 Bf2 72. Ke6 Bc5 73. Bb5 Bf2 74. Kd5 Bc5 1/2-1/2

[Event "Schachfestival Senioren"]
[Site "Bad Woerishofen"]
[Date "2023.03.10"]
[Round "8.53"]
[White "Richter, Stefan"]
[Black "Huhn, Ulrich"]
[Result "1/2-1/2"]
[WhiteElo "1589"]
[BlackElo "1803"]
[PlyCount "76"]
[EventDate "2023.??.??"]
[WhiteTeam "Langenberg"]
[BlackTeam "SF Siemensstadt"]

1. c4 c6 2. Nc3 d5 3. d4 Bf5 4. e3 e6 5. c5 Nd7 6. Nf3 e5 7. b4 e4 8. Ne5 Nxe5 9. dxe5 Be6 10. f4 a5 11. Ba3 b6 12. cxb6 axb4 13. Bxb4 Bxb4 14. Qb3 Qxb6 15. Kf2 Ra3 16. Na4 Rxb3 17. Nxb6 Rb2+ 18. Be2 Bg4 19. Rhb1 Rxe2+ 20. Kg3 Bc3 21. Kxg4 Bxa1 22. Rxa1 Nh6+ 23. Kh3 Rxe3+ 24. g3 Kd8 25. Rc1 Kc7 26. Nxd5+ Kb7 27. Nxe3 Ra8 28. Rc4 Ng8 29. Rxe4 Ne7 30. Rd4 Kc7 31. Kg4 c5 32. Rc4 Kc6 33. Kf3 Nd5 34. Nf5 Nb6 35. Re4 c4 36. e6 fxe6 37. Rxe6+ Kc5 38. Re5+ Kc6 1/2-1/2

[Event "Schachfestival Senioren"]
[Site "Bad Woerishofen"]
[Date "2023.03.10"]
[Round "8.54"]
[White "Mahrla, Hans"]
[Black "Hertkorn, Dieter"]
[Result "0-1"]
[WhiteElo "1654"]
[BlackElo "1549"]
[PlyCount "40"]
[EventDate "2023.??.??"]
[WhiteTeam "SC Eichenau"]
[BlackTeam "SF Blaustein"]

1. e4 e5 2. f4 exf4 3. Nf3 d6 4. d4 Nf6 5. Be2 Nxe4 6. Bxf4 Be7 7. Qd3 d5 8. O-O Nd7 9. Nbd2 Ndf6 10. Rae1 O-O 11. Ne5 Bf5 12. g4 Nxg4 13. Bxg4 Bxg4 14. Nxe4 dxe4 15. Qxe4 Be6 16. d5 Bxd5 17. Qd3 Bc5+ 18. Be3 Qg5+ 19. Ng4 Qxg4+ 20. Kf2 Qg2# 0-1

[Event "Schachfestival Senioren"]
[Site "Bad Woerishofen"]
[Date "2023.03.10"]
[Round "8.55"]
[White "Schumacher, Ursula"]
[Black "Collins, Alan"]
[Result "0-1"]
[WhiteElo "1514"]
[BlackElo "1608"]
[PlyCount "90"]
[EventDate "2023.??.??"]
[BlackTeam "Cowley"]

1. c4 d6 2. Nf3 e5 3. Nc3 f5 4. d3 Nf6 5. e3 Be7 6. g3 O-O 7. Bg2 c6 8. O-O Na6 9. a3 Nc7 10. b4 Bd7 11. Qb3 Kh8 12. Nd2 Rb8 13. a4 a6 14. Ba3 b5 15. a5 Qe8 16. Rae1 Ne6 17. Qd1 Qg6 18. Nf3 f4 19. exf4 exf4 20. c5 Qh5 21. h3 dxc5 22. Re5 Qe8 23. bxc5 b4 24. Bxb4 Rxb4 25. d4 Qc8 26. Ng5 Nxg5 27. Rxg5 Ng8 28. Re5 Bf6 29. Re4 Bxh3 30. Rxf4 Bxg2 31. Kxg2 Rb7 32. Ne4 Rd7 33. Nd6 Qd8 34. Rh1 Bg5 35. Rxf8 Qxf8 36. Qh5 Bh6 37. Qe5 Re7 38. Qh5 Nf6 39. Qf3 Nd7 40. Qxf8+ Nxf8 41. Nf5 Re6 42. Kf3 Bd2 43. Nd6 Rf6+ 44. Ke2 Bxa5 45. Ra1 Bc3 0-1

[Event "Schachfestival Senioren"]
[Site "Bad Woerishofen"]
[Date "2023.03.10"]
[Round "8.56"]
[White "Grandl, Klaus"]
[Black "Dreisch, Juergen"]
[Result "1-0"]
[WhiteElo "1546"]
[BlackElo "1590"]
[PlyCount "87"]
[EventDate "2023.??.??"]
[BlackTeam "SK Markt Schwaben"]

1. e4 d5 2. exd5 Nf6 3. Be2 Qxd5 4. Bf3 Qd6 5. Ne2 e5 6. d3 e4 7. dxe4 Qxd1+ 8. Kxd1 Bc5 9. Be3 Bxe3 10. fxe3 O-O 11. Nbc3 Ng4 12. Bxg4 Bxg4 13. Ke1 Na6 14. a3 Rfe8 15. Rf1 Bh5 16. Ng3 Bg6 17. Rd1 c6 18. b4 Re5 19. Rd7 Rae8 20. Kd2 Nb8 21. Rxb7 Rd8+ 22. Kc1 h5 23. h4 f6 24. Rd1 Rde8 25. Rd6 a5 26. Ra7 axb4 27. axb4 Kh7 28. Ra8 Rc8 29. Kd2 Re7 30. Nf5 Rb7 31. Na2 Bf7 32. Rd4 Bxa2 33. Rxa2 Rd7 34. Rxd7 Nxd7 35. Ra7 Rd8 36. c4 Nf8+ 37. Ke2 Nd7 38. Nd4 Ne5 39. c5 Kh6 40. Nf5+ Kh7 41. Nxg7 Kh8 42. Nxh5 Rg8 43. Nxf6 Rxg2+ 44. Kf1 1-0

[Event "Schachfestival Senioren"]
[Site "Bad Woerishofen"]
[Date "2023.03.10"]
[Round "8.57"]
[White "Walther, Renate"]
[Black "Koppenhoefer, Heinz"]
[Result "0-1"]
[WhiteElo "1220"]
[BlackElo "1560"]
[PlyCount "94"]
[EventDate "2023.??.??"]
[WhiteTeam "SK 1911 Herzogenaurach e.V."]
[BlackTeam "TSV Solln Schachabteilung"]

{[%evp 0,32,16,28,25,-2,8,8,10,-9,14,-8,-50,-33,-5,-77,-33,-74,-26,-67,-2,-110,-155,-151,-116,-269,-268,-266,-266,-197,-197,-296,-204,-284,-260]} 1. e4 e5 2. d4 exd4 3. Qxd4 Nc6 4. Qe3 Nf6 5. Nc3 Bb4 6. Bd2 d6 7. O-O-O O-O 8. h4 Ng4 9. Qe1 Qf6 10. Be3 Bxc3 11. bxc3 Be6 12. c4 Qa1+ 13. Kd2 Qxa2 14. Ra1 Qb2 15. Rb1 Qe5 16. c3 Nxe3 17. Qxe3 b6 18. Nf3 Qa5 19. Be2 Qc5 20. Rb5 Qxe3+ 21. Kxe3 a6 22. Rh5 h6 23. Ng5 Ne5 24. Nxe6 fxe6 25. g4 Nf7 26. g5 g6 27. Rg1 hxg5 28. hxg5 gxh5 29. Bxh5 Kg7 30. f4 a5 31. Bg4 Nd8 32. f5 exf5 33. exf5 Rh8 34. Rf1 Nf7 35. f6+ Kf8 36. g6 Rh4 37. g7+ Kg8 38. Bd7 Rxc4 39. Bb5 Rxc3+ 40. Kd4 Rh3 41. Re1 Rf3 42. Re6 Ng5 43. Kd5 Rf5+ 44. Kc6 Rc5+ 45. Kb7 Nxe6 46. Bc6 Rxc6 47. Kxc6 Kf7 0-1

[Event "Schachfestival Senioren"]
[Site "Bad Woerishofen"]
[Date "2023.03.10"]
[Round "8.58"]
[White "Luebbers, Doris"]
[Black "Hoefer, Frank"]
[Result "1-0"]
[WhiteElo "1498"]
[BlackElo "1425"]
[PlyCount "103"]
[EventDate "2023.??.??"]
[WhiteTeam "SC Steinbach"]
[BlackTeam "TSV Forstenried e.V."]

1. d4 d5 2. Nf3 Nf6 3. b3 Bf5 4. e3 e6 5. Bd3 Bg4 6. O-O c5 7. Be2 h5 8. Bb2 h4 9. h3 Bf5 10. Bd3 Ne4 11. Nbd2 Rg8 12. Ne5 g5 13. Nxe4 dxe4 14. Be2 f6 15. Ng4 Bg6 16. dxc5 Qxd1 17. Raxd1 f5 18. Nf6+ Kf7 19. Nxg8 Kxg8 20. Rd8 Kf7 21. b4 Be7 22. Rd2 a5 23. a3 axb4 24. axb4 Ra4 25. c3 Ra2 26. Ra1 Rxa1+ 27. Bxa1 Bf6 28. Ra2 Kg7 29. Ra7 Kh6 30. Rxb7 Nc6 31. b5 Na5 32. Ra7 Nb3 33. c6 Nc1 34. Kf1 Nxe2 35. Kxe2 f4 36. c7 g4 37. hxg4 f3+ 38. gxf3 h3 39. c8=Q h2 40. fxe4 h1=Q 41. Qxe6 Bh4 42. Ra4 Qh2 43. Kd3 Qxf2 44. Ra2 Qf1+ 45. Kd4 Bf6+ 46. Kc5 Bg5 47. c4 Bxe3+ 48. Kc6 Qf8 49. Rh2+ Kg5 50. Rh8 Be8+ 51. Kb7 Bc6+ 52. Qxc6 1-0

[Event "Schachfestival Senioren"]
[Site "Bad Woerishofen"]
[Date "2023.03.11"]
[Round "9.1"]
[White "Kierzek, Matthias"]
[Black "Geyer, Bernhard"]
[Result "1-0"]
[WhiteElo "2177"]
[BlackElo "2145"]
[PlyCount "133"]
[EventDate "2023.??.??"]
[WhiteTeam "SC Fulda"]
[BlackTeam "SK Frankenthal"]

1. d4 d5 2. c4 e6 3. Nf3 Nf6 4. Nc3 Be7 5. Bf4 c6 6. e3 O-O 7. Bd3 dxc4 8. Bxc4 b5 9. Bd3 Nbd7 10. O-O a5 11. Rc1 Bb7 12. h3 Rc8 13. Qe2 b4 14. Na4 c5 15. Ba6 Bxa6 16. Qxa6 Nd5 17. Bh2 Re8 18. Rfd1 cxd4 19. Nxd4 Rxc1 20. Rxc1 Qa8 21. Rc6 Qxa6 22. Rxa6 Rc8 23. Rc6 Ra8 24. e4 N5f6 25. f3 g6 26. Bg3 Ne8 27. e5 Kf8 28. f4 Bd8 29. Nb5 g5 30. fxg5 Bxg5 31. Nc7 Be3+ 32. Kf1 Nxc7 33. Rxc7 Ke8 34. Ke2 Bd4 35. Kd3 Bg1 36. Ke4 Rb8 37. b3 Kd8 38. Rc1 Ba7 39. Bh4+ Ke8 40. Rc7 Ra8 41. Nb2 Bb6 42. Rc6 Bd8 43. Bxd8 Rxd8 44. Nc4 f5+ 45. exf6 Kf7 46. Rc7 Kxf6 47. Nxa5 Nf8 48. Nc6 Rd2 49. Nxb4 Rxg2 50. Rc2 Rg3 51. Rf2+ Kg7 52. Rf3 Rg1 53. Nd3 Ng6 54. Nf4 Re1+ 55. Re3 Rxe3+ 56. Kxe3 Nf8 57. a4 Kf6 58. b4 Nd7 59. a5 Ne5 60. Kd4 Kf5 61. Nd3 Nd7 62. Nc5 e5+ 63. Kd5 Nf6+ 64. Kc6 e4 65. Nxe4 Kxe4 66. a6 Nd5 67. a7 1-0

[Event "Schachfestival Senioren"]
[Site "Bad Woerishofen"]
[Date "2023.03.11"]
[Round "9.2"]
[White "Schatz, Christian"]
[Black "Kroell, Johannes"]
[Result "1-0"]
[WhiteElo "2127"]
[BlackElo "2127"]
[PlyCount "79"]
[EventDate "2023.??.??"]
[WhiteTeam "SC Postbauer-Heng e.V"]
[BlackTeam "Reutte"]

1. e4 e6 2. Nf3 b6 3. d4 Bb7 4. Bd3 d6 5. O-O Nd7 6. c4 g6 7. Nc3 Bg7 8. Be3 Ne7 9. Qd2 h6 10. h3 a6 11. a4 c5 12. d5 e5 13. Nh2 g5 14. Ne2 Ng6 15. Ng3 a5 16. Nf5 Bf8 17. g3 Bc8 18. Kg2 Rg8 19. Rg1 Nf6 20. f3 Bxf5 21. exf5 Nf4+ 22. gxf4 gxf4+ 23. Kh1 fxe3 24. Qxe3 Rxg1+ 25. Rxg1 Nh5 26. Rg4 Kd7 27. Bf1 Qf6 28. Qb3 Rb8 29. Qb5+ Kd8 30. Qa6 Qe7 31. Rg8 Nf6 32. Rh8 Ne8 33. f6 Nxf6 34. Ng4 Ne8 35. Nxh6 Bg7 36. Nf5 Qf6 37. Nxg7 Qxg7 38. Qa7 Rc8 39. Qxb6+ Kd7 40. Qb7+ 1-0

[Event "Schachfestival Senioren"]
[Site "Bad Woerishofen"]
[Date "2023.03.11"]
[Round "9.3"]
[White "Koehler, Gerhard"]
[Black "Luciani, Carlo"]
[Result "1/2-1/2"]
[WhiteElo "2244"]
[BlackElo "2194"]
[PlyCount "92"]
[EventDate "2023.??.??"]
[WhiteTeam "USV Halle/ Saale"]

1. c4 Nf6 2. Nc3 g6 3. e4 d6 4. d4 Bg7 5. Be2 O-O 6. Nf3 c5 7. O-O Bg4 8. d5 Nbd7 9. h3 Bxf3 10. Bxf3 a6 11. Be2 Qc7 12. Bf4 Ne8 13. Qd2 e5 14. dxe6 fxe6 15. Bg4 Kf7 16. Rad1 Ne5 17. Be2 Rd8 18. Be3 Nc6 19. f4 Kg8 20. Bg4 Nd4 21. Kh1 Qe7 22. Ne2 h5 23. Bf3 Nxf3 24. Rxf3 Nf6 25. Nc3 b5 26. cxb5 axb5 27. Nxb5 Nxe4 28. Qc2 d5 29. Nc3 Nxc3 30. bxc3 Kh7 31. Rb1 Rb8 32. Rxb8 Rxb8 33. Rg3 Qf7 34. Bxc5 Rc8 35. Bd6 Rc4 36. Be5 Re4 37. Rf3 Re1+ 38. Kh2 Bxe5 39. fxe5 Qc7 40. Rg3 Re4 41. Rg5 Qg7 42. Qf2 Rxe5 43. Rxe5 Qxe5+ 44. Qg3 Qf6 45. a4 h4 46. Qf3 Qe5+ 1/2-1/2

[Event "Schachfestival Senioren"]
[Site "Bad Woerishofen"]
[Date "2023.03.11"]
[Round "9.4"]
[White "Baum, Bernd"]
[Black "Mueller, Erich"]
[Result "1/2-1/2"]
[WhiteElo "2272"]
[BlackElo "2024"]
[PlyCount "80"]
[EventDate "2023.??.??"]
[WhiteTeam "SK Marburg 1931/72"]
[BlackTeam "SK 1962 Ladenburg"]

1. Nf3 Nf6 2. c4 d6 3. Nc3 e5 4. g3 Nbd7 5. Bg2 Be7 6. O-O O-O 7. d3 Re8 8. h3 Bf8 9. e4 Nc5 10. Ne1 Ne6 11. f4 Nd4 12. Nf3 Nxf3+ 13. Qxf3 Nd7 14. Be3 exf4 15. Qxf4 f6 16. d4 c6 17. Rad1 Qe7 18. b3 g5 19. Qf2 Bg7 20. Bc1 Nf8 21. Ba3 Qc7 22. Kh2 a6 23. Qd2 Bd7 24. Rde1 Rad8 25. Re2 Bc8 26. Bf3 Qf7 27. Bg2 Qh5 28. Ree1 Ng6 29. Qd1 g4 30. Bb2 Rf8 31. Kg1 f5 32. hxg4 fxg4 33. Ne2 Qg5 34. Bc1 Qe7 35. Nf4 Nxf4 36. Bxf4 c5 37. Be3 Rxf1+ 38. Rxf1 cxd4 39. Bxd4 Be5 40. Qd2 Rf8 1/2-1/2

[Event "Schachfestival Senioren"]
[Site "Bad Woerishofen"]
[Date "2023.03.11"]
[Round "9.5"]
[White "Rubke, Manfred"]
[Black "Krueger, Erich"]
[Result "1-0"]
[WhiteElo "2093"]
[BlackElo "2176"]
[PlyCount "67"]
[EventDate "2023.??.??"]
[WhiteTeam "SAbt TSV Haunstetten"]
[BlackTeam "SF Essen-Katernberg 04/32 e. V."]

1. c4 Nf6 2. g3 g6 3. Bg2 Bg7 4. Nc3 e5 5. e4 d6 6. d3 O-O 7. Nge2 Nc6 8. O-O a6 9. h3 Rb8 10. Be3 b5 11. b3 b4 12. Nd5 Nxd5 13. cxd5 Nd4 14. Rc1 Nb5 15. Qd2 a5 16. d4 Ba6 17. Rfd1 f5 18. dxe5 Bxe5 19. Bd4 Nxd4 20. Nxd4 Qf6 21. exf5 gxf5 22. Rxc7 Rbc8 23. Ra7 Ra8 24. Rxa8 Rxa8 25. Ne6 Rc8 26. Rc1 Bc3 27. Qe3 Re8 28. Qb6 Qh6 29. f4 Rxe6 30. dxe6 Qxe6 31. Rd1 Qe2 32. Rxd6 Qe1+ 33. Kh2 Bf1 34. Qd8+ 1-0

[Event "Schachfestival Senioren"]
[Site "Bad Woerishofen"]
[Date "2023.03.11"]
[Round "9.6"]
[White "Neumann, Joachim"]
[Black "Schumacher, Gottfried"]
[Result "1/2-1/2"]
[WhiteElo "2026"]
[BlackElo "2148"]
[PlyCount "56"]
[EventDate "2023.??.??"]
[WhiteTeam "Agon Neumuenster"]

1. Nf3 c5 2. c4 Nf6 3. Nc3 d5 4. cxd5 Nxd5 5. Nxd5 Qxd5 6. g3 e5 7. d3 Nc6 8. Bg2 c4 9. O-O cxd3 10. Ne1 Qb5 11. Qxd3 Qb6 12. Nc2 Bc5 13. Be3 Bxe3 14. Nxe3 O-O 15. Nc4 Qd4 16. Rfd1 Bg4 17. Bxc6 Qxd3 18. Rxd3 Bxe2 19. Rc3 Bxc4 20. Rxc4 bxc6 21. Rxc6 Rab8 22. b3 Rb6 23. Rc7 Ra6 24. a4 g6 25. Rd1 Rb8 26. Rdd7 Rf6 27. Rb7 Rc8 28. Rdc7 Rxc7 1/2-1/2